| 000 | 00897nam a2200205Ia 4500 | ||
|---|---|---|---|
| 005 | 20250108125201.0 | ||
| 008 | 008 250107s9999 xx 000 0 hin d | ||
| 037 | _aREF | ||
| 040 |
_aCRL _bhin _cCRL |
||
| 041 |
_ahin _2hin |
||
| 084 | _aV2y7M91g R4 (RR) | ||
| 084 | _qCRL | ||
| 100 | _aपारीक, रमेश, संपा. | ||
| 245 | 0 |
_aगांधी आचरण और विचार के प्रतीक श्री नेमिचन्द्र जैन ‘भावुक’ _cपारीक, रमेश, संपा. |
|
| 260 |
_aजोधपुर, भारत _bगांधी शांति प्रतिष्ठान समिति _c3577 |
||
| 300 | _a320पृ0 | ||
| 650 |
_aहिन्दी निबंधहिन्दी साहित्य _9729733 |
||
| 942 |
_cREF _hV2y7M91g R4 (RR) |
||
| 999 |
_c1235965 _d1235965 |
||